000 00679nam a2200241Ia 4500
003 OSt
005 20220918221247.0
006 a|||||r|||| 00| 0
007 ta
008 220917b |||||||| |||| 00| 0 eng d
024 _a149,041
037 _cTextual
040 _aARTS
_cARTS
_beng
041 _2eng
_aeng
082 _aT0Y1.73, K5
100 _aKing Edmund J
245 0 _aSociety, schools and progress in the USA
260 _c1965
490 _aCommonwealth and international library : education and educational research, ed by Edmund J King
650 _aEDUCATION
942 _hT0Y1.73, K5
_cTEXL
_2CC
999 _c271715
_d271715